00810nam a22002537a 4500003000400000005001700004008004100021020002900062040003100091050001700122100002600139245005800165260005300223300004600276336002400322337002800346338002500374504005100399650002800450650003300478650001200511650001200523700002100535OSt20241010094855.0240926b |||||||| |||| 00| 0 eng d a9781316511596 (hardback) aNUSTbengcNUSTdNUSTerda aK7882.I6 ZHA aZhang, YapingeAuthor aModern information optics with MATLAB /cYaping Zhang aCambridge :bCambridge University Press, c2023. axii, 321 pages :bIllustrations ;c25 cm. 2rdamediaatextbtxt 2rdamediaaunmediatedbn 2rdamediaavolumebnc aincludes index and bibliographical references. vOptical communications. vInformation display systems. vOptics. vMATLAB. aPoon, Ting-Chung